| 000 | 01438nam a2200325 i 4500 | ||
|---|---|---|---|
| 003 | EG-ScBUE | ||
| 005 | 20240708115357.0 | ||
| 008 | 100805s1966 ua f b 000 0 ara d | ||
| 040 |
_aEG-ScBUE _bara _erda _cEG-ScBUE _dEG-ScBUE |
||
| 041 | 1 |
_aara _heng |
|
| 082 | 0 | 4 |
_a938 _bت و ي _222 |
| 100 | 1 |
_917084 _aتوينبي، أرنولد، _d1889-1975، _eمؤلف. |
|
| 240 | 1 | 0 |
_aGreek historical thought. _lArabic |
| 245 | 1 | 2 |
_aالفكر التاريخي عند الإغريق / _cتأليف أرنولد توينبى ؛ ترجمة لمعي المطيعي ؛ مراجعة دكتور محمد صقر خفاجة. |
| 264 | 1 |
_aالقاهرة : _bمكتبة الأنجلو المصرية، _c1966. |
|
| 300 |
_a258 صفحة ؛ _c24 سم. |
||
| 336 |
_2rdacontent _aنص _btxt |
||
| 337 |
_aبدون وسيط _2rdamedia _bn |
||
| 338 |
_aمجلد _bnc _2rdacarrier |
||
| 490 | 0 |
_aالألف كتاب ؛ _v567 |
|
| 504 | _aيشتمل على إرجاعات ببليوجرافية. | ||
| 541 |
_a؛ألف باء _c؛شراء |
||
| 546 | _aالنص باللغة العربية وتم ترجمته من اللغة الإنجليزية. | ||
| 650 | 7 |
_916319 _aالحضارة الإغريقية. _2BUEsh |
|
| 650 | 7 |
_98374 _aالحضارة الهلينية. _2BUEsh |
|
| 655 | _vReading book | ||
| 700 | 1 |
_917086 _aمطيعي، لمعي، _eمترجم. |
|
| 700 | 1 |
_917087 _aخفاجة، محمد صقر، _eمراجع. |
|
| 942 |
_2ddc _cBB |
||
| 999 |
_c14615 _d14615 |
||